[Event "Stay Safe Play From Home 345"]
[Site "Emanuel Lasker Arena"]
[Date "2020.07.30"]
[Round "1"]
[White "Lazieri3"]
[Black "Kongle"]
[Result "1-0"]
[WhiteElo "2046"]
[BlackElo "1816"]
[PlyCount "60"]
[EventDate "2020.07.30"]
[EventType "swiss (blitz)"]

1. e4 {[%emt 0:00:04]} d5 {[%emt 0:00:02]} 2. exd5 {[%emt 0:00:01]} Qxd5 {[%emt 0:00:01]} 3. Nf3 {[%emt 0:00:01]} Bg4 {[%emt 0:00:02]} 4. Be2 {[%emt 0:00:01]} Nf6 {[%emt 0:00:07]} 5. h3 {[%emt 0:00:01]} Bxf3 {[%emt 0:00:10]} 6. Bxf3 {[%emt 0:00:00]} Qe6+ {[%emt 0:00:04]} 7. Kf1 {[%emt 0:00:02]} c6 {[%emt 0:00:05]} 8. d3 {[%emt 0:00:01]} Nbd7 {[%emt 0:00:05]} 9. Nc3 {[%emt 0:00:00]} O-O-O {[%emt 0:00:03]} 10. Be3 {[%emt 0:00:02]} Kb8 {[%emt 0:00:03]} 11. Qd2 {[%emt 0:00:04]} Nd5 {[%emt 0:00:10]} 12. Nxd5 {[%emt 0:00:11]} cxd5 {[%emt 0:00:01]} 13. Qa5 {[%emt 0:00:01]} Nb6 {[%emt 0:00:15]} 14. Re1 {[%emt 0:00:24]} Qd6 {[%emt 0:00:10]} 15. Bc5 {[%emt 0:00:11]} Qc7 {[%emt 0:00:05]} 16. Bxb6 {[%emt 0:00:07]} axb6 {[%emt 0:00:02]} 17. Qa4 {[%emt 0:00:05]} e6 {[%emt 0:00:05]} 18. g3 {[%emt 0:00:01]} Bd6 {[%emt 0:00:04]} 19. Kg2 {[%emt 0:00:02]} h5 {[%emt 0:00:02]} 20. h4 {[%emt 0:00:05]} g6 {[%emt 0:00:06]} 21. c4 {[%emt 0:00:05]} dxc4 {[%emt 0:00:06]} 22. Rc1 {[%emt 0:00:07]} Qc5 {[%emt 0:00:30]} 23. Rxc4 {[%emt 0:00:09]} Qa5 {[%emt 0:00:05]} 24. Qb3 {[%emt 0:00:11]} b5 {[%emt 0:00:07]} 25. Rhc1 {[%emt 0:00:06]} g5 {[%emt 0:00:20]} 26. hxg5 {[%emt 0:00:08]} h4 {[%emt 0:00:01]} 27. g4 {[%emt 0:00:10]} Qa6 {[%emt 0:00:04]} 28. Rd4 {[%emt 0:00:08]} h3+ {[%emt 0:00:02]} 29. Kh1 {[%emt 0:00:01] Time (Lag: Av=0.86s, max=1.9s)} Rc8 30. Rxc8+ Rxc8 1-0

[Event "Stay Safe Play From Home 345"]
[Site "Emanuel Lasker Arena"]
[Date "2020.07.30"]
[Round "1"]
[White "Lucknow"]
[Black "Weltszmerc"]
[Result "0-1"]
[WhiteElo "1915"]
[BlackElo "1990"]
[PlyCount "42"]
[EventDate "2020.07.30"]
[EventType "swiss (blitz)"]

1. d4 {[%emt 0:00:10]} Nf6 {[%emt 0:00:00]} 2. c4 {[%emt 0:00:02]} b6 {[%emt 0:00:00]} 3. Nf3 {[%emt 0:00:02]} Bb7 {[%emt 0:00:00]} 4. g3 {[%emt 0:00:01]} e6 {[%emt 0:00:01]} 5. Bg2 {[%emt 0:00:01]} Be7 {[%emt 0:00:00]} 6. O-O {[%emt 0:00:04]} O-O {[%emt 0:00:01]} 7. Nc3 {[%emt 0:00:01]} Ne4 {[%emt 0:00:01]} 8. Qc2 {[%emt 0:00:02]} f5 {[%emt 0:00:01]} 9. Re1 {[%emt 0:00:02]} Bf6 {[%emt 0:00:01]} 10. e3 {[%emt 0:00:06]} d6 {[%emt 0:00:02]} 11. Nd2 {[%emt 0:00:01]} d5 {[%emt 0:00:01]} 12. cxd5 {[%emt 0:00:08]} exd5 {[%emt 0:00:01]} 13. Nf3 {[%emt 0:00:02]} Nd7 {[%emt 0:00:03]} 14. b4 {[%emt 0:00:04]} c5 {[%emt 0:00:04]} 15. bxc5 {[%emt 0:00:03]} Ndxc5 {[%emt 0:00:08]} 16. Ba3 {[%emt 0:00:08]} Nxc3 {[%emt 0:00:10]} 17. Qxc3 {[%emt 0:00:02]} Ne4 {[%emt 0:00:02]} 18. Qd3 {[%emt 0:00:12]} Re8 {[%emt 0:00:01]} 19. Rac1 {[%emt 0:00:02]} Rc8 {[%emt 0:00:14]} 20. Nd2 {[%emt 0:00:02]} Qd7 {[%emt 0:00:05]} 21. Nb3 {[%emt 0:00:03]} Qa4 {[%emt 0:00:03] Lucknow gibt auf (Lag: Av=0.95s, max=1.3s)} 0-1

[Event "Stay Safe Play From Home 345"]
[Site "Emanuel Lasker Arena"]
[Date "2020.07.30"]
[Round "1"]
[White "Dukic"]
[Black "Timbre"]
[Result "1-0"]
[WhiteElo "1776"]
[BlackElo "1633"]
[Annotator "NA"]
[PlyCount "63"]
[EventDate "2020.07.30"]
[EventType "swiss (blitz)"]

1. c4 {[%emt 0:00:02]} c6 {[%emt 0:00:12]} 2. Nc3 {[%emt 0:00:02]} d5 {[%emt 0:00:03]} 3. cxd5 {[%emt 0:00:01]} cxd5 {[%emt 0:00:02]} 4. d4 {[%emt 0:00:00]} Nc6 {[%emt 0:00:01]} 5. Nf3 {[%emt 0:00:01]} a6 {[%emt 0:00:01]} 6. Bf4 {[%emt 0:00:01]} Bf5 {[%emt 0:00:05]} 7. Qb3 {[%emt 0:00:02]} Qd7 {[%emt 0:00:03]} 8. Qxd5 {[%emt 0:00:04]} Qxd5 {[%emt 0:00:02]} 9. Nxd5 {[%emt 0:00:01]} Rc8 {[%emt 0:00:03]} 10. Nb6 {[%emt 0:00:07]} Rd8 {[%emt 0:00:03]} 11. e3 {[%emt 0:00:33]} e6 {[%emt 0:00:05]} 12. a3 {[%emt 0:00:02]} Bd6 {[%emt 0:00:05]} 13. Bxd6 {[%emt 0:00:04]} Rxd6 {[%emt 0:00:02]} 14. Rc1 {[%emt 0:00:00]} Nf6 {[%emt 0:00:07]} 15. Nc4 {[%emt 0:00:03]} Rd8 {[%emt 0:00:03]} 16. Nce5 {[%emt 0:00:03]} Nxe5 {[%emt 0:00:02]} 17. Nxe5 {[%emt 0:00:01]} O-O {[%emt 0:00:03]} 18. Be2 {[%emt 0:00:02]} Nd7 {[%emt 0:00:02]} 19. Nf3 {[%emt 0:00:15]} Nf6 {[%emt 0:00:04]} 20. O-O {[%emt 0:00:01]} h6 {[%emt 0:00:02]} 21. Rc7 {[%emt 0:00:03]} Rb8 {[%emt 0:00:02]} 22. Ne5 {[%emt 0:00:06]} b5 {[%emt 0:00:09]} 23. Nc6 {[%emt 0:00:04]} Rb6 {[%emt 0:00:04]} 24. Ne7+ {[%emt 0:00:03]} Kh7 {[%emt 0:00:03]} 25. Nxf5 {[%emt 0:00:01]} exf5 {[%emt 0:00:02]} 26. Bf3 {[%emt 0:00:01]} g6 {[%emt 0:00:04]} 27. Rfc1 {[%emt 0:00:01]} b4 {[%emt 0:00:03]} 28. a4 {[%emt 0:00:02]} a5 {[%emt 0:00:02]} 29. R7c6 {[%emt 0:00:01]} Rfb8 {[%emt 0:00:06]} 30. R1c5 {[%emt 0:00:05]} Rxc6 {[%emt 0:00:06]} 31. Rxc6 {[%emt 0:00:04]} b3 {[%emt 0:00:03]} 32. Rxf6 {[%emt 0:00:02] Timbre resigns (Lag: Av=0.54s, max=4.0s)} 1-0

[Event "Stay Safe Play From Home 345"]
[Site "Emanuel Lasker Arena"]
[Date "2020.07.30"]
[Round "1"]
[White "Buzaglo"]
[Black "Klasman"]
[Result "1-0"]
[WhiteElo "1744"]
[BlackElo "1511"]
[Annotator "NA"]
[PlyCount "125"]
[EventDate "2020.07.30"]
[EventType "swiss (blitz)"]

1. d4 {[%emt 0:00:01]} f5 {[%emt 0:00:03]} 2. Nf3 {[%emt 0:00:00]} Nf6 {[%emt 0:00:01]} 3. g3 {[%emt 0:00:00]} e6 {[%emt 0:00:01]} 4. Bg2 {[%emt 0:00:00]} d5 {[%emt 0:00:01]} 5. O-O {[%emt 0:00:00]} c5 {[%emt 0:00:01]} 6. Nbd2 {[%emt 0:00:01]} Nc6 {[%emt 0:00:01]} 7. c3 {[%emt 0:00:02]} Bd6 {[%emt 0:00:01]} 8. dxc5 {[%emt 0:00:01]} Bxc5 {[%emt 0:00:01]} 9. Nb3 {[%emt 0:00:00]} Bd6 {[%emt 0:00:01]} 10. Nbd4 {[%emt 0:00:01]} Qc7 {[%emt 0:00:05]} 11. Nxc6 {[%emt 0:00:01]} bxc6 {[%emt 0:00:01]} 12. c4 {[%emt 0:00:02]} Bd7 {[%emt 0:00:01]} 13. cxd5 {[%emt 0:00:01]} cxd5 {[%emt 0:00:02]} 14. Bg5 {[%emt 0:00:03]} O-O {[%emt 0:00:07]} 15. Rc1 {[%emt 0:00:02]} Qb8 {[%emt 0:00:03]} 16. Nd4 {[%emt 0:00:08]} Qxb2 {[%emt 0:00:07]} 17. e3 {[%emt 0:00:05]} Qxa2 {[%emt 0:00:01]} 18. Nc6 {[%emt 0:00:03]} Qa6 {[%emt 0:00:09]} 19. Nd4 {[%emt 0:00:02]} e5 {[%emt 0:00:05]} 20. Bxf6 {[%emt 0:00:06]} Rxf6 {[%emt 0:00:04]} 21. Bxd5+ {[%emt 0:00:01]} Kf8 {[%emt 0:00:07]} 22. Bxa8 {[%emt 0:00:01]} exd4 {[%emt 0:00:02]} 23. Qxd4 {[%emt 0:00:06]} Qb6 {[%emt 0:00:18]} 24. Qxb6 {[%emt 0:00:02]} axb6 {[%emt 0:00:01]} 25. Bc6 {[%emt 0:00:03]} Be6 {[%emt 0:00:05]} 26. Rfd1 {[%emt 0:00:06]} Bc5 {[%emt 0:00:02]} 27. Bg2 {[%emt 0:00:03]} Ke7 {[%emt 0:00:04]} 28. Ra1 {[%emt 0:00:08]} Rg6 {[%emt 0:00:07]} 29. Ra7+ {[%emt 0:00:03]} Kf6 {[%emt 0:00:01]} 30. h4 {[%emt 0:00:06]} h5 {[%emt 0:00:04]} 31. Bd5 {[%emt 0:00:07]} Bxd5 {[%emt 0:00:09]} 32. Rxd5 {[%emt 0:00:00]} Rg4 {[%emt 0:00:05]} 33. Rdd7 {[%emt 0:00:08]} g5 {[%emt 0:00:06]} 34. Rf7+ {[%emt 0:00:02]} Ke6 {[%emt 0:00:03]} 35. hxg5 {[%emt 0:00:08]} Rxg5 {[%emt 0:00:02]} 36. Rg7 {[%emt 0:00:02]} Rxg7 {[%emt 0:00:08]} 37. Rxg7 {[%emt 0:00:00]} b5 {[%emt 0:00:01]} 38. Rb7 {[%emt 0:00:01]} b4 {[%emt 0:00:01]} 39. Kf1 {[%emt 0:00:01]} Kd5 {[%emt 0:00:01]} 40. Ke2 {[%emt 0:00:01]} Kc4 {[%emt 0:00:01]} 41. Kd1 {[%emt 0:00:02]} Kc3 {[%emt 0:00:03]} 42. Kc1 {[%emt 0:00:02]} b3 {[%emt 0:00:03]} 43. Kb1 {[%emt 0:00:01]} h4 {[%emt 0:00:09]} 44. gxh4 {[%emt 0:00:01]} f4 {[%emt 0:00:01]} 45. Rc7 {[%emt 0:00:02]} Kb4 {[%emt 0:00:03]} 46. Rxc5 {[%emt 0:00:05]} Kxc5 {[%emt 0:00:01]} 47. exf4 {[%emt 0:00:01]} Kd5 {[%emt 0:00:01]} 48. Kb2 {[%emt 0:00:02]} Ke6 {[%emt 0:00:03]} 49. Kxb3 {[%emt 0:00:01]} Kf5 {[%emt 0:00:01]} 50. h5 {[%emt 0:00:03]} Kf6 {[%emt 0:00:02]} 51. Kc3 {[%emt 0:00:02]} Kg7 {[%emt 0:00:01]} 52. Kd4 {[%emt 0:00:01]} Kh6 {[%emt 0:00:01]} 53. Ke5 {[%emt 0:00:01]} Kxh5 {[%emt 0:00:01]} 54. Ke6 {[%emt 0:00:00]} Kg4 {[%emt 0:00:01]} 55. f5 {[%emt 0:00:01]} Kf3 {[%emt 0:00:02]} 56. f6 {[%emt 0:00:00]} Kxf2 {[%emt 0:00:01]} 57. f7 {[%emt 0:00:00]} Ke3 {[%emt 0:00:01]} 58. f8=Q {[%emt 0:00:00]} Kd4 {[%emt 0:00:01]} 59. Qd6+ {[%emt 0:00:01]} Ke4 {[%emt 0:00:01]} 60. Qe5+ {[%emt 0:00:01]} Kd3 {[%emt 0:00:01]} 61. Qf4 {[%emt 0:00:01]} Kc3 {[%emt 0:00:01]} 62. Kd5 {[%emt 0:00:01]} Kd3 {[%emt 0:00:01]} 63. Qf3+ {[%emt 0:00:01] Time (Lag: Av=0.61s, max=1.3s)} 1-0

[Event "Stay Safe Play From Home 345"]
[Site "Emanuel Lasker Arena"]
[Date "2020.07.30"]
[Round "1"]
[White "Mehdi1887"]
[Black "Greblha"]
[Result "0-1"]
[WhiteElo "1703"]
[BlackElo "1972"]
[Annotator "NA"]
[PlyCount "94"]
[EventDate "2020.07.30"]
[EventType "swiss (blitz)"]

1. e4 {[%emt 0:00:04]} c6 {[%emt 0:00:00]} 2. d4 {[%emt 0:00:02]} d5 {[%emt 0:00:00]} 3. exd5 {[%emt 0:00:01]} c5 {[%emt 0:00:01]} 4. Nf3 {[%emt 0:00:07]} Qxd5 {[%emt 0:00:07]} 5. Bb5+ {[%emt 0:00:02]} Bd7 {[%emt 0:00:04]} 6. Bxd7+ {[%emt 0:00:02]} Nxd7 {[%emt 0:00:01]} 7. O-O {[%emt 0:00:01]} Ngf6 {[%emt 0:00:04]} 8. dxc5 {[%emt 0:00:02]} Qxd1 {[%emt 0:00:02]} 9. Rxd1 {[%emt 0:00:02]} Nxc5 {[%emt 0:00:01]} 10. Nc3 {[%emt 0:00:06]} a6 {[%emt 0:00:04]} 11. Be3 {[%emt 0:00:07]} e6 {[%emt 0:00:01]} 12. b4 {[%emt 0:00:10]} Nce4 {[%emt 0:00:02]} 13. Nxe4 {[%emt 0:00:04]} Nxe4 {[%emt 0:00:01]} 14. a3 {[%emt 0:00:03]} Bd6 {[%emt 0:00:03]} 15. Rd4 {[%emt 0:00:09]} f5 {[%emt 0:00:06]} 16. Rad1 {[%emt 0:00:03]} O-O-O {[%emt 0:00:11]} 17. Ng5 {[%emt 0:00:18]} Nc3 {[%emt 0:00:17]} 18. Rxd6 {[%emt 0:00:11]} Nxd1 {[%emt 0:00:02]} 19. Rxd8+ {[%emt 0:00:07]} Rxd8 {[%emt 0:00:08]} 20. Nxe6 {[%emt 0:00:03]} Re8 {[%emt 0:00:02]} 21. Nxg7 {[%emt 0:00:03]} Re5 {[%emt 0:00:07]} 22. Bd2 {[%emt 0:00:20]} Rd5 {[%emt 0:00:10]} 23. Be1 {[%emt 0:00:09]} Nc3 {[%emt 0:00:09]} 24. Kf1 {[%emt 0:00:03]} Ne4 {[%emt 0:00:06]} 25. f3 {[%emt 0:00:02]} Nd2+ {[%emt 0:00:02]} 26. Ke2 {[%emt 0:00:01]} Nc4 {[%emt 0:00:02]} 27. Bc3 {[%emt 0:00:04]} Nxa3 {[%emt 0:00:03]} 28. Bb2 {[%emt 0:00:03]} Nxc2 {[%emt 0:00:02]} 29. g4 {[%emt 0:00:07]} fxg4 {[%emt 0:00:02]} 30. fxg4 {[%emt 0:00:01]} Nxb4 {[%emt 0:00:02]} 31. Kf3 {[%emt 0:00:02]} Rd2 {[%emt 0:00:06]} 32. Be5 {[%emt 0:00:03]} Nc6 {[%emt 0:00:05]} 33. Bf4 {[%emt 0:00:01]} Rd3+ {[%emt 0:00:02]} 34. Ke4 {[%emt 0:00:01]} Rb3 {[%emt 0:00:03]} 35. Ne6 {[%emt 0:00:02]} a5 {[%emt 0:00:02]} 36. Kf5 {[%emt 0:00:01]} a4 {[%emt 0:00:01]} 37. Nc5 {[%emt 0:00:01]} Rb5 {[%emt 0:00:04]} 38. Be3 {[%emt 0:00:01]} a3 {[%emt 0:00:03]} 39. Ke4 {[%emt 0:00:01]} a2 {[%emt 0:00:01]} 40. Nd3 {[%emt 0:00:02]} a1=Q {[%emt 0:00:01]} 41. Kf3 {[%emt 0:00:01]} Ne5+ {[%emt 0:00:01]} 42. Nxe5 {[%emt 0:00:01]} Qxe5 {[%emt 0:00:01]} 43. Bf4 {[%emt 0:00:00]} Qc3+ {[%emt 0:00:02]} 44. Ke4 {[%emt 0:00:01]} Qc4+ {[%emt 0:00:02]} 45. Kf3 {[%emt 0:00:01]} Rb3+ {[%emt 0:00:01]} 46. Kg2 {[%emt 0:00:01]} Qc2+ {[%emt 0:00:01]} 47. Kf1 {[%emt 0:00:02]} Rb1+ {[%emt 0:00:01] Zeit (Lag: Av=0.53s, max=0.7s)} 0-1

[Event "Stay Safe Play From Home 345"]
[Site "Emanuel Lasker Arena"]
[Date "2020.07.30"]
[Round "1"]
[White "Swolkenlosa"]
[Black "Haris kollari 13"]
[Result "0-1"]
[WhiteElo "1513"]
[BlackElo "1890"]
[Annotator "NA"]
[PlyCount "72"]
[EventDate "2020.07.30"]
[EventType "swiss (blitz)"]

1. d4 {[%emt 0:00:06]} e6 {[%emt 0:00:00]} 2. Nf3 {[%emt 0:00:02]} d5 {[%emt 0:00:00]} 3. e3 {[%emt 0:00:05]} c5 {[%emt 0:00:01]} 4. Be2 {[%emt 0:00:01]} Nc6 {[%emt 0:00:01]} 5. O-O {[%emt 0:00:01]} Bd7 {[%emt 0:00:01]} 6. b3 {[%emt 0:00:02]} f5 {[%emt 0:00:01]} 7. Bb2 {[%emt 0:00:01]} a6 {[%emt 0:00:01]} 8. Nbd2 {[%emt 0:00:01]} Nf6 {[%emt 0:00:01]} 9. a3 {[%emt 0:00:01]} Ne4 {[%emt 0:00:02]} 10. c4 {[%emt 0:00:02]} cxd4 {[%emt 0:00:02]} 11. exd4 {[%emt 0:00:03]} Bd6 {[%emt 0:00:03]} 12. cxd5 {[%emt 0:00:08]} exd5 {[%emt 0:00:02]} 13. b4 {[%emt 0:00:06]} O-O {[%emt 0:00:01]} 14. Ne5 {[%emt 0:00:03]} Re8 {[%emt 0:00:02]} 15. Ndf3 {[%emt 0:00:09]} Qe7 {[%emt 0:00:05]} 16. Qb3 {[%emt 0:00:07]} Be6 {[%emt 0:00:03]} 17. Bc1 {[%emt 0:00:13]} Nxd4 {[%emt 0:00:11]} 18. Nxd4 {[%emt 0:00:06]} Bxe5 {[%emt 0:00:01]} 19. Bb2 {[%emt 0:00:01]} Nd2 {[%emt 0:00:03]} 20. Qa2 {[%emt 0:00:07]} Nxf1 {[%emt 0:00:02]} 21. Rxf1 {[%emt 0:00:03]} Bf7 {[%emt 0:00:02]} 22. Nxf5 {[%emt 0:00:04]} Qf6 {[%emt 0:00:01]} 23. Bxe5 {[%emt 0:00:02]} Qxe5 {[%emt 0:00:02]} 24. Ng3 {[%emt 0:00:03]} d4 {[%emt 0:00:04]} 25. Qd2 {[%emt 0:00:03]} Rad8 {[%emt 0:00:01]} 26. Bf3 {[%emt 0:00:02]} b5 {[%emt 0:00:02]} 27. Bc6 {[%emt 0:00:12]} Re7 {[%emt 0:00:02]} 28. Bf3 {[%emt 0:00:09]} Bc4 {[%emt 0:00:02]} 29. Rd1 {[%emt 0:00:03]} g6 {[%emt 0:00:04]} 30. Ne4 {[%emt 0:00:02]} h5 {[%emt 0:00:08]} 31. Qh6 {[%emt 0:00:06]} Rg7 {[%emt 0:00:08]} 32. Qd2 {[%emt 0:00:14]} g5 {[%emt 0:00:10]} 33. Nc5 {[%emt 0:00:06]} g4 {[%emt 0:00:04]} 34. Bc6 {[%emt 0:00:08]} Re7 {[%emt 0:00:08]} 35. g3 {[%emt 0:00:07]} Rd6 {[%emt 0:00:03]} 36. Bg2 {[%emt 0:00:02]} d3 {[%emt 0:00:04] TimeW} 0-1

[Event "Stay Safe Play From Home 345"]
[Site "Emanuel Lasker Arena"]
[Date "2020.07.30"]
[Round "2"]
[White "Weltszmerc"]
[Black "Dukic"]
[Result "1-0"]
[WhiteElo "2004"]
[BlackElo "1786"]
[PlyCount "95"]
[EventDate "2020.07.30"]
[EventType "swiss (blitz)"]

1. d4 {[%emt 0:00:01]} c6 {[%emt 0:00:01]} 2. c4 {[%emt 0:00:00]} d6 {[%emt 0:00:01]} 3. Nf3 {[%emt 0:00:00]} Bg4 {[%emt 0:00:02]} 4. Bf4 {[%emt 0:00:01]} Nd7 {[%emt 0:00:02]} 5. Qb3 {[%emt 0:00:01]} Qc7 {[%emt 0:00:01]} 6. Nbd2 {[%emt 0:00:04]} e5 {[%emt 0:00:04]} 7. dxe5 {[%emt 0:00:02]} dxe5 {[%emt 0:00:01]} 8. Bg3 {[%emt 0:00:01]} Be7 {[%emt 0:00:04]} 9. h3 {[%emt 0:00:01]} Be6 {[%emt 0:00:04]} 10. e4 {[%emt 0:00:03]} h6 {[%emt 0:00:06]} 11. Be2 {[%emt 0:00:03]} Ngf6 {[%emt 0:00:02]} 12. Qc3 {[%emt 0:00:06]} Bd6 {[%emt 0:00:14]} 13. b4 {[%emt 0:00:01]} c5 {[%emt 0:00:03]} 14. b5 {[%emt 0:00:01]} O-O {[%emt 0:00:03]} 15. O-O {[%emt 0:00:02]} Nh5 {[%emt 0:00:01]} 16. Bh2 {[%emt 0:00:04]} Nf4 {[%emt 0:00:01]} 17. Rfe1 {[%emt 0:00:08]} Rfe8 {[%emt 0:00:07]} 18. Nf1 {[%emt 0:00:01]} f6 {[%emt 0:00:09]} 19. Ne3 {[%emt 0:00:01]} Nf8 {[%emt 0:00:04]} 20. Nd5 {[%emt 0:00:06]} Nxd5 {[%emt 0:00:11]} 21. cxd5 {[%emt 0:00:04]} Bf7 {[%emt 0:00:02]} 22. a4 {[%emt 0:00:02]} b6 {[%emt 0:00:01]} 23. a5 {[%emt 0:00:02]} Ng6 {[%emt 0:00:02]} 24. Bf1 {[%emt 0:00:03]} Nf4 {[%emt 0:00:09]} 25. Nh4 {[%emt 0:00:01]} Qd7 {[%emt 0:00:09]} 26. Rad1 {[%emt 0:00:10]} g6 {[%emt 0:00:07]} 27. Bxf4 {[%emt 0:00:04]} exf4 {[%emt 0:00:01]} 28. Qxf6 {[%emt 0:00:02]} Be5 {[%emt 0:00:01]} 29. Qc6 {[%emt 0:00:02]} Qd6 {[%emt 0:00:09]} 30. Qxd6 {[%emt 0:00:07]} Bxd6 {[%emt 0:00:02]} 31. Nf3 {[%emt 0:00:02]} Be5 {[%emt 0:00:13]} 32. Nxe5 {[%emt 0:00:02]} Rxe5 {[%emt 0:00:01]} 33. f3 {[%emt 0:00:11]} Rae8 {[%emt 0:00:03]} 34. Kf2 {[%emt 0:00:06]} g5 {[%emt 0:00:04]} 35. Bc4 {[%emt 0:00:07]} Kg7 {[%emt 0:00:03]} 36. axb6 {[%emt 0:00:01]} axb6 {[%emt 0:00:02]} 37. Ra1 {[%emt 0:00:00]} Kf6 {[%emt 0:00:02]} 38. Ra6 {[%emt 0:00:01]} Rb8 {[%emt 0:00:01]} 39. Rea1 {[%emt 0:00:01]} Re7 {[%emt 0:00:08]} 40. Ra7 {[%emt 0:00:02]} Reb7 {[%emt 0:00:06]} 41. Rxb7 {[%emt 0:00:09]} Rxb7 {[%emt 0:00:01]} 42. Ke2 {[%emt 0:00:01]} Ke5 {[%emt 0:00:01]} 43. Kd3 {[%emt 0:00:01]} Be8 {[%emt 0:00:04]} 44. Ra8 {[%emt 0:00:01]} Bd7 {[%emt 0:00:01]} 45. Rh8 {[%emt 0:00:02]} Ra7 {[%emt 0:00:03]} 46. Rxh6 {[%emt 0:00:03]} Ra3+ {[%emt 0:00:01]} 47. Ke2 {[%emt 0:00:01]} Kd4 {[%emt 0:00:01]} 48. Rd6 {[%emt 0:00:06] Zeit (Lag: Av=0.54s, max=0.8s)} 1-0

[Event "Stay Safe Play From Home 345"]
[Site "Emanuel Lasker Arena"]
[Date "2020.07.30"]
[Round "2"]
[White "Greblha"]
[Black "Buzaglo"]
[Result "0-1"]
[WhiteElo "1978"]
[BlackElo "1751"]
[PlyCount "58"]
[EventDate "2020.07.30"]
[EventType "swiss (blitz)"]

1. e4 {[%emt 0:00:01]} e5 {[%emt 0:00:01]} 2. Nf3 {[%emt 0:00:01]} d6 {[%emt 0:00:01]} 3. d4 {[%emt 0:00:03]} exd4 {[%emt 0:00:00]} 4. Nxd4 {[%emt 0:00:01]} Nf6 {[%emt 0:00:01]} 5. Bd3 {[%emt 0:00:01]} Be7 {[%emt 0:00:01]} 6. Nc3 {[%emt 0:00:01]} c5 {[%emt 0:00:01]} 7. Nf5 {[%emt 0:00:04]} Bxf5 {[%emt 0:00:01]} 8. exf5 {[%emt 0:00:01]} Nc6 {[%emt 0:00:00]} 9. O-O {[%emt 0:00:01]} O-O {[%emt 0:00:01]} 10. Re1 {[%emt 0:00:01]} Re8 {[%emt 0:00:02]} 11. Bg5 {[%emt 0:00:01]} Ne5 {[%emt 0:00:02]} 12. Ne4 {[%emt 0:00:09]} Nxd3 {[%emt 0:00:04]} 13. cxd3 {[%emt 0:00:09]} Nxe4 {[%emt 0:00:02]} 14. Bxe7 {[%emt 0:00:03]} Rxe7 {[%emt 0:00:12]} 15. dxe4 {[%emt 0:00:02]} Qb6 {[%emt 0:00:05]} 16. Re2 {[%emt 0:00:11]} Rae8 {[%emt 0:00:03]} 17. f3 {[%emt 0:00:02]} c4+ {[%emt 0:00:06]} 18. Kf1 {[%emt 0:00:02]} Re5 {[%emt 0:00:02]} 19. Rd2 {[%emt 0:00:08]} d5 {[%emt 0:00:16]} 20. Rxd5 {[%emt 0:00:04]} Rxd5 {[%emt 0:00:03]} 21. Qxd5 {[%emt 0:00:01]} Qxb2 {[%emt 0:00:05]} 22. Rd1 {[%emt 0:00:08]} c3 {[%emt 0:00:31]} 23. Qd7 {[%emt 0:00:01]} Rf8 {[%emt 0:00:01]} 24. f6 {[%emt 0:00:01]} c2 {[%emt 0:00:08]} 25. fxg7 {[%emt 0:00:32]} cxd1=Q+ {[%emt 0:00:02]} 26. Qxd1 {[%emt 0:00:02]} Kxg7 {[%emt 0:00:07]} 27. Qd6 {[%emt 0:00:04]} Qb5+ {[%emt 0:00:09]} 28. Ke1 {[%emt 0:00:04]} Qa5+ {[%emt 0:00:06]} 29. Kf1 {[%emt 0:00:13]} Qa6+ {[%emt 0:00:02] Greblha gibt auf (Lag: Av=0.46s, max=0.8s)} 0-1

[Event "Stay Safe Play From Home 345"]
[Site "Emanuel Lasker Arena"]
[Date "2020.07.30"]
[Round "2"]
[White "Lucknow"]
[Black "Mehdi1887"]
[Result "1/2-1/2"]
[WhiteElo "1901"]
[BlackElo "1697"]
[Annotator "NA"]
[PlyCount "102"]
[EventDate "2020.07.30"]
[EventType "swiss (blitz)"]

1. d4 {[%emt 0:00:01]} Nf6 {[%emt 0:00:02]} 2. c4 {[%emt 0:00:00]} g6 {[%emt 0:00:01]} 3. Nc3 {[%emt 0:00:01]} d6 {[%emt 0:00:01]} 4. e4 {[%emt 0:00:01]} Nbd7 {[%emt 0:00:01]} 5. f3 {[%emt 0:00:01]} Bg7 {[%emt 0:00:01]} 6. Be3 {[%emt 0:00:01]} O-O {[%emt 0:00:00]} 7. Bd3 {[%emt 0:00:01]} e5 {[%emt 0:00:01]} 8. d5 {[%emt 0:00:02]} b6 {[%emt 0:00:01]} 9. Nge2 {[%emt 0:00:02]} a5 {[%emt 0:00:01]} 10. O-O {[%emt 0:00:01]} Nc5 {[%emt 0:00:01]} 11. Bc2 {[%emt 0:00:01]} Ne8 {[%emt 0:00:03]} 12. a3 {[%emt 0:00:07]} f5 {[%emt 0:00:02]} 13. exf5 {[%emt 0:00:02]} Bxf5 {[%emt 0:00:02]} 14. Bxf5 {[%emt 0:00:04]} gxf5 {[%emt 0:00:06]} 15. b4 {[%emt 0:00:01]} axb4 {[%emt 0:00:06]} 16. axb4 {[%emt 0:00:00]} Rxa1 {[%emt 0:00:04]} 17. Qxa1 {[%emt 0:00:00]} Nd7 {[%emt 0:00:06]} 18. Qc1 {[%emt 0:00:10]} f4 {[%emt 0:00:04]} 19. Bf2 {[%emt 0:00:01]} Qg5 {[%emt 0:00:04]} 20. Ne4 {[%emt 0:00:03]} Qg6 {[%emt 0:00:03]} 21. c5 {[%emt 0:00:06]} bxc5 {[%emt 0:00:05]} 22. bxc5 {[%emt 0:00:01]} Rf5 {[%emt 0:00:10]} 23. Kh1 {[%emt 0:00:08]} Rh5 {[%emt 0:00:10]} 24. cxd6 {[%emt 0:00:07]} Nxd6 {[%emt 0:00:03]} 25. N2c3 {[%emt 0:00:11]} Nxe4 {[%emt 0:00:05]} 26. Nxe4 {[%emt 0:00:01]} Nf6 {[%emt 0:00:07]} 27. Nxf6+ {[%emt 0:00:06]} Bxf6 {[%emt 0:00:08]} 28. Qxc7 {[%emt 0:00:08]} Rg5 {[%emt 0:00:02]} 29. Qc8+ {[%emt 0:00:12]} Kg7 {[%emt 0:00:02]} 30. Rg1 {[%emt 0:00:08]} e4 {[%emt 0:00:08]} 31. Qd7+ {[%emt 0:00:12]} Kh6 {[%emt 0:00:02]} 32. fxe4 {[%emt 0:00:11]} Qxe4 {[%emt 0:00:02]} 33. Qe6 {[%emt 0:00:08]} Qxe6 {[%emt 0:00:09]} 34. dxe6 {[%emt 0:00:01]} Re5 {[%emt 0:00:01]} 35. Re1 {[%emt 0:00:01]} Rxe1+ {[%emt 0:00:03]} 36. Bxe1 {[%emt 0:00:01]} Be7 {[%emt 0:00:01]} 37. Bd2 {[%emt 0:00:07]} Kg5 {[%emt 0:00:01]} 38. g3 {[%emt 0:00:01]} Kf5 {[%emt 0:00:01]} 39. Bxf4 {[%emt 0:00:05]} Kxe6 {[%emt 0:00:01]} 40. Kg2 {[%emt 0:00:00]} Kf5 {[%emt 0:00:01]} 41. Kf3 {[%emt 0:00:00]} h5 {[%emt 0:00:01]} 42. h3 {[%emt 0:00:01]} Bc5 {[%emt 0:00:01]} 43. g4+ {[%emt 0:00:01]} hxg4+ {[%emt 0:00:01]} 44. hxg4+ {[%emt 0:00:00]} Kg6 {[%emt 0:00:01]} 45. Ke4 {[%emt 0:00:00]} Be7 {[%emt 0:00:01]} 46. Be3 {[%emt 0:00:02]} Bd8 {[%emt 0:00:01]} 47. Kf3 {[%emt 0:00:00]} Be7 {[%emt 0:00:01]} 48. Bf4 {[%emt 0:00:01]} Bd8 {[%emt 0:00:01]} 49. Ke4 {[%emt 0:00:00]} Be7 {[%emt 0:00:01]} 50. Kf3 {[%emt 0:00:01]} Bd8 {[%emt 0:00:01]} 51. Ke4 {[%emt 0:00:01]} Be7 {[%emt 0:00:01] (Lag: Av=0.83s, max=1.4s)} 1/2-1/2